Tilastot visalle Malawi-visa

Klikkaa tästä pelataksesi tätä visaa!

Yleistilastot

  • Tätä visaa on pelattu 47 kertaa
  • Keskiarvotulos 11 / 16

Vastaustilastot

VihjeVastaus% Oikein
Malawin naapurimaatMosambik
97%
Euroopan valtio, jonka siirtomaa Malawi oliYhdistynyt kuningaskunta
94%
Malawin naapurimaatTansania
90%
Malawin naapurimaatSambia
90%
Yleisin uskontoKristinusko
87%
PääkaupunkiLilongwe
74%
Suuri järvi maan itäosassa{Njassa}järvi
74%
Lipussa kuvattu asiaNouseva aurinko
74%
39 % Malawin viennistä koostuu tästä addiktoivasta kasvistaTupakka
65%
Malawi oli ainoa Afrikan valtio, jolla oli diplomaattiset suhteet tähän valtioon ennen vuotta 1994Etelä-Afrikka
58%
Malawin halki kulkeva laaksoIso {hautavajoama}
55%
Malawin entinen nimiNjassamaa
52%
Toiseksi suurin kaupunkiBlantyre
52%
Malawin valuuttaKwacha
45%
Puhutuin äidinkieliNjandža
45%
Malawin alueella 1400–1800-luvuilla sijainnut valtakuntaMaravi
39%

Tulosjakauma

Persentiili vastausten määrän mukaan

Jokaisen tuloksen saaneiden osuus

Tuloshistoriasi

Et ole pelannut tätä visaa